Everybody Knows I'm Sad - Marina (Lyrics) - Statistics

General Stats
  • This quiz has been taken 11 times
  • The average score is 246 of 354
Answer Stats
Answer % Correct
go
100%
I
100%
is,
100%
is
100%
me
100%
me)
100%
no
100%
nobody
100%
so
100%
So
100%
"Sometimes
100%
Sometimes
100%
the
100%
to
100%
truth
100%
a
89%
all
89%
got
89%
(Got
89%
hang
89%
I'm
89%
I've
89%
know
89%
lovers)
89%
my
89%
out
89%
this
89%
what
89%
with
89%
bad
78%
(bad,
78%
bad)
78%
been
78%
connection
78%
do
78%
don't
78%
Don't
78%
felt
78%
for
78%
life
78%
live
78%
lonely
78%
Maybe
78%
never
78%
of
78%
on
78%
realise
78%
sad
78%
(sad)
78%
(sad,
78%
sad)
78%
sad,
78%
sad"
78%
Sunday,
78%
Sunday
78%
(Sunday
78%
alone
67%
Alone
67%
born
67%
can,
67%
can
67%
'Cause
67%
('Cause
67%
Everybody
67%
everybody
67%
hide
67%
hold
67%
if
67%
it,
67%
it)
67%
it
67%
kind
67%
knows
67%
not
67%
own
67%
pride
67%
protect
67%
superficial,
67%
They
67%
try
67%
wanna
67%
and
56%
film
56%
gonna
56%
look
56%
lost
56%
one
56%
watch
56%
admit
44%
anymore
44%
built
44%
fix
44%
hope
44%
in
44%
In
44%
like
44%
miss
44%
off
44%
phone
44%
reflection
44%
survive
44%
that
44%
was
44%
(As
33%
at
33%
behind
33%
better
33%
black
33%
disappear,
33%
even
33%
everything
33%
friends,
33%
get
33%
getting
33%
leave
33%
mind
33%
none
33%
spend
33%
can't
22%
clear
22%
hole
22%
inside
22%
let
22%
myself
22%
pretend
22%
see
22%
that's
22%
then
22%
turn
22%
Why
22%
why,
22%
why
22%
will
22%
bed
11%
city,
11%
close?
11%
doesn't
11%
Doesn't
11%
foreign
11%
hard
11%
matter
11%
wonder
11%
(ah-ah)
0%
night
0%
nеver
0%
(oh-oh-oh)
0%
one's
0%
pretty
0%
еverybody
0%
weekend
0%
you're
0%
No matching quizzes found
Score Distribution
Percent of People with Each Score
Percentile by Number Answered
Your Score History
You have not taken this quiz